| 000 | 00612nam a22002057a 4500 | ||
|---|---|---|---|
| 003 | KOHA_MİRAKIL | ||
| 005 | 20260324114221.0 | ||
| 008 | 260324b tu ||||| |||| 00| 0 tur d | ||
| 020 | _a9756288051 | ||
| 040 |
_aTR-AnABB _btur _cTR-AnABB |
||
| 041 | _atur | ||
| 082 |
_a320.9 _bOZD 2004 |
||
| 100 | 1 | _aÖzden, Yekta Güngör | |
| 245 | 1 | 0 |
_aLaiklik için : _bdünden yarına çalışmalar, çabalar / _cYekta Güngör Özden |
| 260 |
_aAnkara : _bİleri Yayınları, _c2004 |
||
| 300 |
_a703 sayfa; _c20 cm |
||
| 500 | _aYazar imzalı | ||
| 650 | 0 | 4 | _aSiyasi tarih, Türkiye |
| 942 |
_2ddc _cBK |
||
| 999 |
_c10006 _d10006 |
||
| 900 | _bCan ÇELIK | ||